<?xml version="1.0" encoding="UTF-8"?>
<record
    xmlns:xsi="http://www.w3.org/2001/XMLSchema-instance"
    xsi:schemaLocation="http://www.loc.gov/MARC21/slim http://www.loc.gov/standards/marcxml/schema/MARC21slim.xsd"
    xmlns="http://www.loc.gov/MARC21/slim">

  <leader>01234nam a22003497a 4500</leader>
  <controlfield tag="001">BRCA_9252</controlfield>
  <controlfield tag="003">FranzMayer</controlfield>
  <controlfield tag="005">20230717135224.0</controlfield>
  <controlfield tag="008">230712b        |||||||| |||| 00| 0 eng d</controlfield>
  <datafield tag="020" ind1=" " ind2=" ">
    <subfield code="a">9788419785367</subfield>
  </datafield>
  <datafield tag="040" ind1=" " ind2=" ">
    <subfield code="a">MFM</subfield>
    <subfield code="b">esp</subfield>
    <subfield code="c">MFM</subfield>
  </datafield>
  <datafield tag="050" ind1=" " ind2="0">
    <subfield code="a">TR820</subfield>
    <subfield code="b">W67 2023</subfield>
  </datafield>
  <datafield tag="110" ind1="1" ind2=" ">
    <subfield code="a">World Press Photo</subfield>
    <subfield code="9">28680</subfield>
  </datafield>
  <datafield tag="240" ind1="1" ind2=" ">
    <subfield code="a">World Press Photo 2023</subfield>
    <subfield code="l">espa&#xF1;ol</subfield>
  </datafield>
  <datafield tag="245" ind1=" " ind2=" ">
    <subfield code="a">World Press Photo 2023</subfield>
  </datafield>
  <datafield tag="260" ind1=" " ind2=" ">
    <subfield code="a">Alemania</subfield>
    <subfield code="b">Blume</subfield>
    <subfield code="c">2023</subfield>
  </datafield>
  <datafield tag="300" ind1=" " ind2=" ">
    <subfield code="a">219 p</subfield>
    <subfield code="b">ilustraciones </subfield>
    <subfield code="c">25 cm</subfield>
  </datafield>
  <datafield tag="500" ind1=" " ind2=" ">
    <subfield code="a">L60/N3</subfield>
  </datafield>
  <datafield tag="505" ind1="0" ind2=" ">
    <subfield code="a">Destinado a: Fot&#xF3;grafos, artistas, periodistas, soci&#xF3;logos, historiadores, investigadoresTexto en: espa&#xF1;olIncluye &#xED;ndice de im&#xE1;genes</subfield>
  </datafield>
  <datafield tag="610" ind1="2" ind2=" ">
    <subfield code="a">World Press Photo</subfield>
    <subfield code="9">28681</subfield>
  </datafield>
  <datafield tag="650" ind1="2" ind2=" ">
    <subfield code="2">Fotoperiodismo</subfield>
    <subfield code="a">Exposiciones</subfield>
    <subfield code="v">Premios</subfield>
    <subfield code="9">28682</subfield>
  </datafield>
  <datafield tag="650" ind1="2" ind2=" ">
    <subfield code="2">Fotograf&#xED;a</subfield>
    <subfield code="a">Exposiciones</subfield>
    <subfield code="v">Premios</subfield>
    <subfield code="9">28682</subfield>
  </datafield>
  <datafield tag="700" ind1="1" ind2=" ">
    <subfield code="4">Ed.</subfield>
    <subfield code="a">Bolt, Rodney</subfield>
    <subfield code="9">28683</subfield>
  </datafield>
  <datafield tag="700" ind1="1" ind2=" ">
    <subfield code="4">Ed.</subfield>
    <subfield code="a">Kozakiewicz, Julia</subfield>
    <subfield code="9">28684</subfield>
  </datafield>
  <datafield tag="700" ind1="1" ind2=" ">
    <subfield code="4">Dir.</subfield>
    <subfield code="a">El Zein Khoury, Joumans</subfield>
    <subfield code="9">28685</subfield>
  </datafield>
  <datafield tag="700" ind1="1" ind2=" ">
    <subfield code="4">Tex.</subfield>
    <subfield code="a">Almagro Oca&#xF1;a, Mercedes</subfield>
    <subfield code="9">28686</subfield>
  </datafield>
  <datafield tag="700" ind1="1" ind2=" ">
    <subfield code="4">Inv.</subfield>
    <subfield code="a">Dhami, Kuljit</subfield>
    <subfield code="9">28687</subfield>
  </datafield>
  <datafield tag="700" ind1="1" ind2=" ">
    <subfield code="4">Trad.</subfield>
    <subfield code="a">Deza Guil, Gemma</subfield>
    <subfield code="9">28688</subfield>
  </datafield>
  <datafield tag="700" ind1="1" ind2=" ">
    <subfield code="4">Trad.</subfield>
    <subfield code="a">Rodr&#xED;guez Fisher, Cristina</subfield>
    <subfield code="9">28689</subfield>
  </datafield>
  <datafield tag="710" ind1="1" ind2=" ">
    <subfield code="a">World Press Photo</subfield>
    <subfield code="9">28680</subfield>
  </datafield>
  <datafield tag="942" ind1=" " ind2=" ">
    <subfield code="2">lcc</subfield>
    <subfield code="c">B</subfield>
  </datafield>
  <datafield tag="999" ind1=" " ind2=" ">
    <subfield code="c">10871</subfield>
    <subfield code="d">10871</subfield>
  </datafield>
  <datafield tag="952" ind1=" " ind2=" ">
    <subfield code="0">0</subfield>
    <subfield code="1">0</subfield>
    <subfield code="2">lcc</subfield>
    <subfield code="4">0</subfield>
    <subfield code="7">0</subfield>
    <subfield code="8">FCON</subfield>
    <subfield code="a">BRCA</subfield>
    <subfield code="b">BRCA</subfield>
    <subfield code="d">2023-07-12</subfield>
    <subfield code="e">Donaci&#xF3;n</subfield>
    <subfield code="l">0</subfield>
    <subfield code="o">TR820 W67 2023</subfield>
    <subfield code="p">CONT10048</subfield>
    <subfield code="r">2023-07-12 00:00:00</subfield>
    <subfield code="t">1</subfield>
    <subfield code="w">2023-07-12</subfield>
    <subfield code="y">B</subfield>
  </datafield>
</record>
